Osobitné formy financovania pohľadávok - faktoring bakalárska práca

Gespeichert in:
Bibliographische Detailangaben
1. Verfasser: Lipták, Matej
Körperschaft: Národohospodárska fakulta EU. Katedra bankovníctva a medzinárodných financií
Weitere Verfasser: Sabolová, Anna
Format: Buch
Sprache:Slowakisch
Veröffentlicht: Bratislava 2012
Tags: Tag hinzufügen
Keine Tags, Fügen Sie das erste Tag hinzu!

MARC

LEADER 00000nbm a2200000 4500
001 0155805
005 20161109111917.7
041 0 |a slo 
044 |a SK 
245 1 0 |a Osobitné formy financovania pohľadávok - faktoring  |b bakalárska práca  |c Matej Lipták ; školiteľ: Anna Sabolová 
264 1 |a Bratislava  |c 2012 
300 |a 31 s. 
100 1 |a Lipták, Matej 
700 1 |a Sabolová, Anna 
710 2 |a Národohospodárska fakulta EU. Katedra bankovníctva a medzinárodných financií